[Event "Regionalliga Nord-West 1718"]
[Site "Bayern"]
[Date "2018.02.25"]
[Round "7.2"]
[White "Kliche, Alexander"]
[Black "Soeder, Thomas"]
[Result "1/2-1/2"]
[WhiteElo "2210"]
[BlackElo "2020"]
[PlyCount "101"]
[EventDate "2017.10.22"]
[EventType "team-tourn"]
[EventRounds "9"]
[EventCountry "GER"]
[SourceTitle "EXT 2022"]
[Source "ChessBase"]
[SourceDate "2021.10.06"]
[SourceVersion "1"]
[SourceVersionDate "2021.10.06"]
[SourceQuality "1"]
[WhiteTeam "Kitzingen SC"]
[BlackTeam "Bad Neustadt"]
[WhiteTeamCountry "GER"]
[BlackTeamCountry "GER"]

1. Nf3 Nf6 2. c4 e6 3. g3 d5 4. Bg2 Nbd7 5. d4 c6 6. 0-0 Bd6 7. Nbd2 0-0 8. e4 Nxe4 9. Nxe4 dxe4 10. Ng5 Nf6 11. Nxe4 Nxe4 12. Bxe4 f5 13. Bc2 e5 14. f4 exd4 15. Qxd4 b6 16. Be3 Bc5 17. Qc3 Bxe3+ 18. Qxe3 c5 19. Rfe1 Qf6 20. Rad1 Ba6 21. b3 Rf7 22. Rd5 g6 23. Bd1 Bb7 24. Bf3 Bxd5 25. Bxd5 Raf8 26. Qe5 Kg7 27. Bxf7 Qxe5 28. Rxe5 Kxf7 29. Rd5 Ke6 30. Kf2 Rf7 31. Re5+ Kd6 32. Re8 Re7 33. Ra8 a5 34. h3 h5 35. Rb8 Kc7 36. Rg8 Re6 37. Kf3 Kd6 38. g4 hxg4+ 39. hxg4 Ke7 40. Kg3 Kf7 41. Rb8 fxg4 42. Kxg4 Kf6 43. a3 Rd6 44. Rb7 Re6 45. Rd7 Rc6 46. Kf3 Re6 47. Rd5 Rc6 48. Ke4 Re6+ 49. Kd3 Ke7 50. Rg5 Kf6 51. Rd5 1/2-1/2

[Event "Landesliga Nord 1617"]
[Site "Bayern"]
[Date "2017.04.30"]
[Round "9.3"]
[White "Kliche, Alexander"]
[Black "Ulusoy, Tolga"]
[Result "1/2-1/2"]
[WhiteElo "2200"]
[BlackElo "2085"]
[PlyCount "145"]
[EventDate "2016.10.16"]
[EventType "team-tourn"]
[EventRounds "9"]
[EventCountry "GER"]
[SourceTitle "EXT 2019"]
[Source "ChessBase"]
[SourceDate "2018.10.10"]
[SourceVersion "1"]
[SourceVersionDate "2018.10.10"]
[SourceQuality "1"]
[WhiteTeam "Kitzingen"]
[BlackTeam "Nuernberg NT II"]
[WhiteTeamCountry "GER"]
[BlackTeamCountry "GER"]

1. c4 e5 2. Nc3 Nf6 3. Nf3 Nc6 4. d4 exd4 5. Nxd4 Bc5 6. e3 0-0 7. Be2 Re8 8. 0-0 a6 9. Nxc6 dxc6 10. Qxd8 Rxd8 11. Rd1 Bf5 12. Kf1 Bc2 13. Rd2 Rxd2 14. Bxd2 Rd8 15. Ke1 h5 16. Rc1 Bf5 17. f3 Bd6 18. e4 Be6 19. f4 Bc5 20. f5 Bc8 21. Bg5 Re8 22. Bxf6 gxf6 23. Kd2 h4 24. Bd3 Bd6 25. g3 Kf8 26. Ne2 hxg3 27. hxg3 Ke7 28. Ke3 Rh8 29. Kf3 Be5 30. b3 c5 31. Nc3 c6 32. Na4 Rh3 33. Rg1 Bd4 34. Rg2 b5 35. Nb6 Bb7 36. a4 Rh1 37. axb5 cxb5 38. cxb5 axb5 39. Bxb5 Rc1 40. Rd2 Re1 41. Be2 Rc1 42. Bc4 Re1 43. Re2 Rf1+ 44. Kg4 Rg1 45. Nd5+ Kd6 46. Nf4 Ke7 47. Rd2 Re1 48. Nd5+ Kf8 49. Kf3 Kg7 50. Ra2 Ra1 51. Rxa1 Bxa1 52. Nc7 Be5 53. Nb5 Ba6 54. Na3 Bb7 55. Nc2 Bc6 56. Ne3 Bb7 57. Nc2 Bc6 58. Ne1 Bb7 59. Nd3 Bd4 60. Kf4 Bc6 61. e5 fxe5+ 62. Nxe5 Be8 63. g4 f6 64. Nf3 Bb2 65. Ke4 Bc6+ 66. Bd5 Bb5 67. Ke3 Bc1+ 68. Kf2 Bf4 69. Bc4 Bc6 70. Ne1 Be4 71. Bd3 Bd5 72. Bc2 c4 73. bxc4 1/2-1/2

[Event "Landesliga Nord 1617"]
[Site "Bayern"]
[Date "2017.02.19"]
[Round "6.4"]
[White "Wichmann, Adrian"]
[Black "Kliche, Alexander"]
[Result "0-1"]
[WhiteElo "2004"]
[BlackElo "2200"]
[PlyCount "90"]
[EventDate "2016.10.16"]
[EventType "team-tourn"]
[EventRounds "9"]
[EventCountry "GER"]
[SourceTitle "EXT 2019"]
[Source "ChessBase"]
[SourceDate "2018.10.10"]
[SourceVersion "1"]
[SourceVersionDate "2018.10.10"]
[SourceQuality "1"]
[WhiteTeam "Forchheim II"]
[BlackTeam "Kitzingen"]
[WhiteTeamCountry "GER"]
[BlackTeamCountry "GER"]

1. e4 c5 2. Nf3 Nc6 3. d4 cxd4 4. Nxd4 g6 5. Nc3 Bg7 6. Be3 Nf6 7. Bc4 0-0 8. Bb3 a6 9. f3 b5 10. Qd2 Na5 11. h4 Bb7 12. h5 e5 13. hxg6 exd4 14. Bxf7+ Rxf7 15. gxf7+ Kxf7 16. Bxd4 Kg8 17. e5 Nc4 18. Qf4 Qe7 19. Kf2 Nd5 20. Qe4 Qe6 21. Qxh7+ Kf8 22. Rh5 Ne7 23. Re1 Kf7 24. Rg5 Ng6 25. Rxg6 Qxg6 26. e6+ dxe6 27. Qxg7+ Qxg7 28. Bxg7 Kxg7 29. b3 Na5 30. Rxe6 Rc8 31. b4 Rxc3 32. bxa5 Rxc2+ 33. Ke3 Bc8 34. Rb6 Kf7 35. g4 Ke7 36. g5 Rxa2 37. f4 Rxa5 38. g6 Bf5 39. Kd4 Bc2 40. g7 Kf7 41. Rb7+ Kg8 42. f5 Bxf5 43. Ke5 b4+ 44. Kf6 Rb5 45. Ra7 Rb6+ 0-1

[Event "Landesliga Nord 1617"]
[Site "Bayern"]
[Date "2017.02.05"]
[Round "5.4"]
[White "Kliche, Alexander"]
[Black "Urytskyy, Arkadiy"]
[Result "1-0"]
[WhiteElo "2200"]
[BlackElo "1994"]
[PlyCount "115"]
[EventDate "2016.10.16"]
[EventType "team-tourn"]
[EventRounds "9"]
[EventCountry "GER"]
[SourceTitle "EXT 2019"]
[Source "ChessBase"]
[SourceDate "2018.10.10"]
[SourceVersion "1"]
[SourceVersionDate "2018.10.10"]
[SourceQuality "1"]
[WhiteTeam "Kitzingen"]
[BlackTeam "Bindlach Aktionaer II"]
[WhiteTeamCountry "GER"]
[BlackTeamCountry "GER"]

1. c4 Nf6 2. Nc3 c5 3. Nf3 g6 4. d4 cxd4 5. Nxd4 Bg7 6. g3 0-0 7. Bg2 d6 8. 0-0 Qc7 9. b3 Nc6 10. Bb2 Bd7 11. Nc2 Rac8 12. Qd2 Be6 13. Ne3 Qb8 14. Rac1 a6 15. Rfd1 Qa7 16. h3 Bh6 17. Kh2 Bxe3 18. fxe3 Ne5 19. Rf1 Nfd7 20. Nd5 Bxd5 21. Bxd5 Kg7 22. Bd4 Qb8 23. Rf4 Nf6 24. Bg2 b5 25. c5 dxc5 26. Rxc5 Rxc5 27. Bxc5 Qc7 28. Bd4 Ned7 29. Bb2 Rc8 30. Rf1 Kg8 31. Rc1 Qb8 32. Rd1 Qc7 33. e4 Nf8 34. e5 Ne8 35. Bf3 Ne6 36. Bd5 Qc2 37. Bxe6 fxe6 38. Ba3 Qxd2 39. Rxd2 Rc7 40. Bb4 Kf7 41. Kg2 Ng7 42. g4 Ke8 43. Kf3 Rd7 44. Rxd7 Kxd7 45. Ke4 Ne8 46. Kd4 Nc7 47. e4 Kc6 48. Bxe7 Na8 49. Ke3 a5 50. Bd8 a4 51. bxa4 bxa4 52. Kd4 Kb5 53. a3 h6 54. h4 h5 55. g5 Kc6 56. Kc4 Kd7 57. Ba5 Kc6 58. Kb4 1-0

[Event "Landesliga Nord 1516"]
[Site "Bayern"]
[Date "2015.11.15"]
[Round "3.1"]
[White "Ostermeyer, Peter"]
[Black "Kliche, Alexander"]
[Result "1/2-1/2"]
[WhiteElo "2307"]
[BlackElo "2200"]
[PlyCount "82"]
[EventDate "2015.10.11"]
[EventType "team-tourn"]
[EventRounds "9"]
[EventCountry "GER"]
[SourceTitle "EXT 2018"]
[Source "ChessBase"]
[SourceDate "2017.10.13"]
[SourceVersion "1"]
[SourceVersionDate "2017.10.13"]
[SourceQuality "1"]
[WhiteTeam "Rottendorf"]
[BlackTeam "Kitzingen"]
[WhiteTeamCountry "GER"]
[BlackTeamCountry "GER"]

1. e4 c5 2. Nf3 Nc6 3. Bb5 g6 4. Bxc6 dxc6 5. d3 f6 6. e5 Bg7 7. 0-0 fxe5 8. Re1 Bg4 9. Nbd2 Nh6 10. h3 Bxf3 11. Nxf3 Nf5 12. Nxe5 0-0 13. Bd2 Qd5 14. Bc3 Nd4 15. Bxd4 Qxd4 16. Nf3 Qxb2 17. Rb1 Qxa2 18. Rxb7 Bf6 19. Ne5 Rab8 20. Rxb8 Rxb8 21. Nd7 Rb2 22. Nxf6+ exf6 23. Re8+ Kf7 24. Qe2 Rb7 25. Rh8 Kg7 26. Qe8 Qa1+ 27. Kh2 Qe5+ 28. Qxe5 fxe5 29. Rc8 Rb2 30. c4 Rxf2 31. Rxc6 Rd2 32. Rxc5 Kf6 33. Ra5 Rxd3 34. Rxa7 h5 35. Kg1 Rc3 36. Rc7 Rc2 37. h4 Kf5 38. Rf7+ Ke4 39. Rf6 Rxc4 40. Rxg6 Ke3 41. Rg5 Rxh4 1/2-1/2

[Event "Landesliga Nord 1415"]
[Site "Bayern"]
[Date "2014.12.07"]
[Round "4.2"]
[White "Reis, Gerhard"]
[Black "Kliche, Alexander"]
[Result "0-1"]
[WhiteElo "2202"]
[BlackElo "2200"]
[PlyCount "84"]
[EventDate "2014.10.19"]
[EventType "team-tourn"]
[EventRounds "9"]
[EventCountry "GER"]
[SourceTitle "EXT 2018"]
[Source "ChessBase"]
[SourceDate "2017.10.13"]
[SourceVersion "1"]
[SourceVersionDate "2017.10.13"]
[SourceQuality "1"]
[WhiteTeam "Nuernberg Sued SW"]
[BlackTeam "Kitzingen"]
[WhiteTeamCountry "GER"]
[BlackTeamCountry "GER"]

1. Nf3 d5 2. d4 Nc6 3. c4 Bg4 4. Nc3 e6 5. cxd5 exd5 6. Bf4 Bd6 7. Qd2 Nge7 8. Ne5 Bxe5 9. Bxe5 Nxe5 10. dxe5 0-0 11. 0-0-0 Be6 12. e4 c6 13. exd5 Nxd5 14. Ne4 Qc7 15. f4 f6 16. Nd6 fxe5 17. fxe5 Nf4 18. Kb1 Rad8 19. g3 Ng6 20. Qc3 Kh8 21. Bc4 Bxc4 22. Nxc4 Rxd1+ 23. Rxd1 Re8 24. Nd6 Rxe5 25. Nxb7 h6 26. Nd6 Re6 27. Qd3 Ne5 28. Qf5 Qe7 29. Ne4 Nc4 30. Nc3 Ne3 31. Qf3 Nxd1 32. Nxd1 Re1 33. Kc1 Qe4 34. Qxe4 Rxe4 35. Kd2 g5 36. Nc3 Rb4 37. b3 Kg7 38. Ke3 Kg6 39. h3 Kf5 40. Nd1 Re4+ 41. Kd3 Re1 42. Ne3+ Ke6 0-1

[Event "Regionalliga NW 1314"]
[Site "Bayern"]
[Date "2013.11.10"]
[Round "2.2"]
[White "Gould, Charles"]
[Black "Kliche, Alexander"]
[Result "0-1"]
[WhiteElo "1923"]
[BlackElo "2234"]
[PlyCount "70"]
[EventDate "2013.10.13"]
[EventType "team-tourn"]
[EventRounds "9"]
[EventCountry "GER"]
[SourceTitle "EXT 2015"]
[Source "ChessBase"]
[SourceDate "2014.11.20"]
[SourceVersion "1"]
[SourceVersionDate "2014.11.20"]
[SourceQuality "1"]
[WhiteTeam "Wuerzburg II"]
[BlackTeam "Kitzingen"]
[WhiteTeamCountry "GER"]
[BlackTeamCountry "GER"]

1. f4 g6 2. Nf3 d5 3. e3 Bg7 4. Nc3 c5 5. Bb5+ Bd7 6. Bxd7+ Qxd7 7. d4 Nf6 8. Ne5 Qc7 9. Qf3 e6 10. 0-0 Nc6 11. Nb5 Qe7 12. c4 0-0 13. Nc3 cxd4 14. cxd5 Nxd5 15. Nxd5 exd5 16. Qxd5 Rad8 17. Nxc6 bxc6 18. Qf3 dxe3 19. Bxe3 Bxb2 20. Rae1 Bc3 21. Re2 Rfe8 22. Qh3 Rd3 23. Rf3 f5 24. Qg3 Rxe3 25. Rfxe3 Bd4 26. Kf2 Kf7 27. a4 a5 28. Qf3 Bxe3+ 29. Qxe3 Qxe3+ 30. Rxe3 Rxe3 31. Kxe3 Ke6 32. Kd4 Kd6 33. Kc4 c5 34. Kb5 Kd5 35. Kxa5 c4 0-1

[Event "Regionalliga NW 1314"]
[Site "Bayern"]
[Date "2013.10.13"]
[Round "1.2"]
[White "Kliche, Alexander"]
[Black "Herbst, Christoph"]
[Result "1-0"]
[WhiteElo "2234"]
[BlackElo "2032"]
[PlyCount "107"]
[EventDate "2013.10.13"]
[EventType "team-tourn"]
[EventRounds "9"]
[EventCountry "GER"]
[SourceTitle "EXT 2015"]
[Source "ChessBase"]
[SourceDate "2014.11.20"]
[SourceVersion "1"]
[SourceVersionDate "2014.11.20"]
[SourceQuality "1"]
[WhiteTeam "Kitzingen"]
[BlackTeam "Bad Neustadt"]
[WhiteTeamCountry "GER"]
[BlackTeamCountry "GER"]

1. c4 e6 2. g3 d5 3. Bg2 c5 4. cxd5 exd5 5. Qb3 Nf6 6. Nc3 c4 7. Qc2 Nc6 8. b3 Nb4 9. Qb2 Bf5 10. bxc4 dxc4 11. Kf1 Rb8 12. a3 Nc6 13. Nf3 a6 14. Nd1 Be4 15. Ne3 b5 16. Ne5 Bxg2+ 17. Kxg2 Qc7 18. Nxc6 Qxc6+ 19. f3 Bd6 20. Nf5 0-0 21. Qc3 Rfe8 22. Re1 b4 23. axb4 Bxb4 24. Qc2 c3 25. d4 g6 26. Nh6+ Kg7 27. e4 Qc4 28. Be3 Bc5 29. Ra4 Bb4 30. Rd1 Nd5 31. Bc1 Nb6 32. Ra2 a5 33. Ng4 a4 34. Bh6+ Kh8 35. Bf4 Bf8 36. Bxb8 Rxb8 37. Ne5 Qb3 38. Rb1 Nc4 39. Rxb3 axb3 40. Nxc4 bxc2 41. Rxc2 Bb4 42. Kf2 Rc8 43. Nb6 Rb8 44. Nd5 Ba5 45. Ke3 Kg7 46. Kd3 Rb3 47. e5 Kf8 48. Ra2 c2+ 49. Kxc2 Rxf3 50. Rxa5 Rf2+ 51. Kd3 Rxh2 52. Nf6 Rh3 53. Ke4 h5 54. Kf4 1-0

[Event "Landesliga Nord 1213"]
[Site "Bayern"]
[Date "2013.02.24"]
[Round "7.1"]
[White "Heika, Martin"]
[Black "Kliche, Alexander"]
[Result "0-1"]
[WhiteElo "2275"]
[BlackElo "2211"]
[PlyCount "74"]
[EventDate "2012.10.14"]
[EventType "team-tourn"]
[EventRounds "9"]
[EventCountry "GER"]
[SourceTitle "EXT 2015"]
[Source "ChessBase"]
[SourceDate "2014.11.20"]
[SourceVersion "1"]
[SourceVersionDate "2014.11.20"]
[SourceQuality "1"]
[WhiteTeam "Kareth Lappersdorf"]
[BlackTeam "Kitzingen"]
[WhiteTeamCountry "GER"]
[BlackTeamCountry "GER"]

1. e4 e6 2. d4 d5 3. Nc3 Nc6 4. e5 f6 5. Nf3 Qe7 6. Bf4 Qf7 7. Qd2 g5 8. Bg3 g4 9. Ng1 fxe5 10. dxe5 Nge7 11. Bd3 Bd7 12. h3 Bg7 13. f4 Nf5 14. Bxf5 Qxf5 15. hxg4 Qxg4 16. Bh4 Ne7 17. Nf3 Ng6 18. 0-0-0 Qxf4 19. Qxf4 Nxf4 20. Bf6 0-0 21. Rh2 Bxf6 22. exf6 Rxf6 23. Rdh1 h6 24. Ne5 Be8 25. g3 Nh5 26. g4 Ng3 27. Rg1 Ne4 28. Nxe4 dxe4 29. g5 Rf5 30. gxh6+ Kh8 31. Nc4 Bh5 32. Ne3 Rf3 33. Re1 Raf8 34. c4 Be8 35. Rd2 Kh7 36. Rd4 Bc6 37. Kd2 e5 0-1

[Event "Regionalliga NW 1112"]
[Site "Bayern"]
[Date "2012.03.18"]
[Round "8.1"]
[White "Kliche, Alexander"]
[Black "Schindler, Viktor"]
[Result "1-0"]
[WhiteElo "2145"]
[BlackElo "2137"]
[PlyCount "105"]
[EventDate "2011.10.02"]
[EventType "team-tourn"]
[EventRounds "9"]
[EventCountry "GER"]
[SourceTitle "EXT 2015"]
[Source "ChessBase"]
[SourceDate "2014.11.20"]
[SourceVersion "1"]
[SourceVersionDate "2014.11.20"]
[SourceQuality "1"]
[WhiteTeam "Kitzingen"]
[BlackTeam "Hof"]
[WhiteTeamCountry "GER"]
[BlackTeamCountry "GER"]

1. c4 Nf6 2. Nf3 c5 3. Nc3 d5 4. cxd5 Nxd5 5. e4 Nxc3 6. dxc3 Qxd1+ 7. Kxd1 Nc6 8. Kc2 a6 9. a4 b6 10. Bf4 Ra7 11. Nd2 e5 12. Bg3 Bd6 13. Bc4 Rc7 14. Rhd1 Na5 15. Be2 Ke7 16. Nf1 Be6 17. Ne3 Bb3+ 18. Kd2 Bxd1 19. Rxd1 Ra7 20. Nf5+ Ke6 21. Nxg7+ Ke7 22. Nf5+ Ke6 23. Nxd6 Kxd6 24. Kc2+ Ke6 25. Bg4+ Ke7 26. Bxe5 Rg8 27. Bh3 Nc4 28. Bf4 f6 29. Rd5 Rd8 30. Rh5 Kf8 31. Bf5 Nd6 32. Bxh7 Nf7 33. Bf5 Ke7 34. Bg6 Rg8 35. Bxf7 Kxf7 36. Rh7+ Rg7 37. Rxg7+ Kxg7 38. h4 Rd7 39. h5 c4 40. g4 b5 41. axb5 axb5 42. e5 Re7 43. exf6+ Kxf6 44. Be3 Re4 45. g5+ Kg7 46. b3 Rh4 47. bxc4 bxc4 48. h6+ Kg6 49. Kb2 Rh1 50. Ka3 Rb1 51. Bd4 Rb7 52. f4 Kf5 53. Bg7 1-0

[Event "Regionalliga NW 1112"]
[Site "Bayern"]
[Date "2012.02.26"]
[Round "7.1"]
[White "Lorenz, Mark"]
[Black "Kliche, Alexander"]
[Result "1/2-1/2"]
[WhiteElo "2154"]
[BlackElo "2145"]
[PlyCount "48"]
[EventDate "2011.10.02"]
[EventType "team-tourn"]
[EventRounds "9"]
[EventCountry "GER"]
[SourceTitle "EXT 2015"]
[Source "ChessBase"]
[SourceDate "2014.11.20"]
[SourceVersion "1"]
[SourceVersionDate "2014.11.20"]
[SourceQuality "1"]
[WhiteTeam "Marktleuthen"]
[BlackTeam "Kitzingen"]
[WhiteTeamCountry "GER"]
[BlackTeamCountry "GER"]

1. g3 d5 2. Nf3 Nf6 3. Bg2 e6 4. c4 Be7 5. 0-0 0-0 6. d4 dxc4 7. Qc2 a6 8. a4 Nbd7 9. Qxc4 b5 10. Qb3 Rb8 11. axb5 axb5 12. Rd1 Bb7 13. Ne5 Bxg2 14. Kxg2 Nxe5 15. dxe5 Nd7 16. Ra5 Qc8 17. Rxb5 Nxe5 18. Nc3 Bd6 19. Rxb8 Qxb8 20. Qxb8 Rxb8 21. Ne4 Nc4 22. Nxd6 cxd6 23. Rd4 d5 24. e4 Nxb2 1/2-1/2

[Event "Regionalliga NW 1112"]
[Site "Bayern"]
[Date "2012.01.15"]
[Round "5.1"]
[White "Kuenstler, Christian"]
[Black "Kliche, Alexander"]
[Result "1/2-1/2"]
[WhiteElo "2082"]
[BlackElo "2145"]
[PlyCount "22"]
[EventDate "2011.10.02"]
[EventType "team-tourn"]
[EventRounds "9"]
[EventCountry "GER"]
[SourceTitle "EXT 2013"]
[Source "ChessBase"]
[SourceDate "2012.11.22"]
[SourceVersion "1"]
[SourceVersionDate "2012.11.22"]
[SourceQuality "1"]
[WhiteTeam "Mainaschaff"]
[BlackTeam "Kitzingen"]
[WhiteTeamCountry "GER"]
[BlackTeamCountry "GER"]

1. d4 d5 2. Nf3 e6 3. g3 Nf6 4. c4 dxc4 5. Bg2 Nbd7 6. Nbd2 c5 7. Nxc4 b5 8. Nfe5 Nd5 9. Nxd7 Bxd7 10. Ne5 Rc8 11. 0-0 Bd6 1/2-1/2

[Event "Regionalliga NW 1011"]
[Site "Bayern"]
[Date "2010.10.24"]
[Round "2.1"]
[White "Dietze, Sebastian"]
[Black "Kliche, Alexander"]
[Result "1/2-1/2"]
[WhiteElo "2133"]
[BlackElo "2144"]
[PlyCount "144"]
[EventDate "2010.10.10"]
[EventType "team-tourn"]
[EventRounds "9"]
[EventCountry "GER"]
[SourceTitle "EXT 2012"]
[Source "ChessBase"]
[SourceDate "2011.11.24"]
[SourceVersion "1"]
[SourceVersionDate "2011.11.24"]
[SourceQuality "1"]
[WhiteTeam "Hoechstadt/Aisch"]
[BlackTeam "Kitzingen"]
[WhiteTeamCountry "GER"]
[BlackTeamCountry "GER"]

1. d4 d5 2. c3 Nf6 3. Bg5 Ne4 4. Bf4 Nd7 5. Nf3 e6 6. Nbd2 Ndf6 7. e3 Bd6 8. Bd3 0-0 9. Qc2 Nxd2 10. Nxd2 Bxf4 11. exf4 Qd6 12. g3 c5 13. dxc5 Qxc5 14. Nf3 a5 15. Nd4 b6 16. Qe2 Bd7 17. 0-0 Rab8 18. h4 b5 19. Rfd1 b4 20. Rac1 Qb6 21. cxb4 Qxb4 22. b3 Rfc8 23. Nf3 a4 24. Rxc8+ Rxc8 25. bxa4 Bxa4 26. Rb1 Qc3 27. Ne5 g6 28. Kh2 Ne4 29. Rb7 Nd6 30. Rb6 Qc5 31. Rb1 Bc2 32. Rc1 Bxd3 33. Nxd3 Qb5 34. Rxc8+ Nxc8 35. h5 Nd6 36. Qd1 gxh5 37. a4 Qa6 38. Ne5 Nc4 39. Nd7 Nb6 40. Nf6+ Kf8 41. Qxh5 Qxa4 42. Nxh7+ Ke7 43. Qg5+ Kd6 44. Nf6 Qc2 45. Ng4 f5 46. Qd8+ Nd7 47. Ne5 Qxf2+ 48. Kh3 Qf1+ 49. Kh2 Qe2+ 50. Kh3 Qh5+ 51. Kg2 Qh7 52. Nf3 Qg7 53. Qa5 Qb2+ 54. Kh3 Qb6 55. Qa3+ Qc5 56. Qa6+ Ke7 57. Qd3 Qc4 58. Qa3+ Qc5 59. Qd3 Qc1 60. Kg2 Nc5 61. Qd4 Qc2+ 62. Kh3 Nd7 63. Qg7+ Kd6 64. Ne5 Qc7 65. Nf3 Qc1 66. Kg2 Qc2+ 67. Kg1 Qe4 68. Kf2 Nc5 69. Qf8+ Kc6 70. Qc8+ Kb5 71. Qb8+ Ka5 72. Qa7+ Kb5 1/2-1/2

[Event "Landesliga Nord 0910"]
[Site "Bayern"]
[Date "2009.11.29"]
[Round "3.1"]
[White "Englert, Fabian"]
[Black "Kliche, Alexander"]
[Result "0-1"]
[WhiteElo "2237"]
[BlackElo "2144"]
[PlyCount "80"]
[EventDate "2009.10.18"]
[EventType "team-tourn"]
[EventRounds "9"]
[EventCountry "GER"]
[SourceTitle "EXT 2011"]
[Source "ChessBase"]
[SourceDate "2010.11.26"]
[SourceVersion "1"]
[SourceVersionDate "2010.11.26"]
[SourceQuality "1"]
[WhiteTeam "Klingenberg"]
[BlackTeam "Kitzingen"]
[WhiteTeamCountry "GER"]
[BlackTeamCountry "GER"]

1. g3 g6 2. Bg2 Bg7 3. e4 c5 4. d3 Nc6 5. f4 e6 6. Nf3 Nge7 7. 0-0 0-0 8. c3 d6 9. Be3 f5 10. a4 b6 11. Na3 Ba6 12. Re1 Qd7 13. Bf2 Rae8 14. Nb5 h6 15. Nh4 Kh7 16. Qc2 Bb7 17. Rad1 Ng8 18. d4 cxd4 19. Nxd4 Nxd4 20. Bxd4 Qc7 21. Bxg7 Kxg7 22. Qd3 Qc5+ 23. Qd4+ Qxd4+ 24. Rxd4 Nf6 25. Nxg6 Kxg6 26. exf5+ exf5 27. Rxe8 Rxe8 28. Bxb7 Re2 29. b4 Rc2 30. Rd3 Ne4 31. Bxe4 fxe4 32. Rxd6+ Kf5 33. h3 e3 34. Rd1 Ke4 35. Re1 Kf3 36. f5 Rg2+ 37. Kh1 Rxg3 38. f6 Kf2 39. Kh2 Rf3 40. Rg1 e2 0-1

[Event "Landesliga Nord 0910"]
[Site "Bayern"]
[Date "2009.11.15"]
[Round "2.1"]
[White "Kliche, Alexander"]
[Black "Zvara, Petr"]
[Result "1/2-1/2"]
[WhiteElo "2144"]
[BlackElo "2420"]
[PlyCount "91"]
[EventDate "2009.10.18"]
[EventType "team-tourn"]
[EventRounds "9"]
[EventCountry "GER"]
[SourceTitle "EXT 2011"]
[Source "ChessBase"]
[SourceDate "2010.11.26"]
[SourceVersion "1"]
[SourceVersionDate "2010.11.26"]
[SourceQuality "1"]
[WhiteTeam "Kitzingen"]
[BlackTeam "Schwandorf"]
[WhiteTeamCountry "GER"]
[BlackTeamCountry "GER"]

1. d4 Nf6 2. Nf3 g6 3. c4 c5 4. Nc3 Bg7 5. e4 cxd4 6. Nxd4 d6 7. Be2 0-0 8. 0-0 Nc6 9. Be3 Bd7 10. Rc1 Nxd4 11. Bxd4 Bc6 12. f3 a5 13. Qd2 Nd7 14. b3 Nc5 15. Rfd1 Qb6 16. Nd5 Bxd5 17. cxd5 Bxd4+ 18. Qxd4 Rfc8 19. Rc4 Nd7 20. Kf2 Qxd4+ 21. Rdxd4 Nb6 22. Rxc8+ Rxc8 23. Bc4 g5 24. Ke3 Kg7 25. g3 Kf6 26. Be2 Rc3+ 27. Rd3 Rc5 28. Rd2 Nd7 29. f4 gxf4+ 30. gxf4 Nf8 31. Bd3 Rc1 32. Rc2 Rxc2 33. Bxc2 e5 34. dxe6 Nxe6 35. e5+ dxe5 36. fxe5+ Kxe5 37. Bxh7 f5 38. h4 Nf4 39. Bxf5 Kxf5 40. Kd4 Ne2+ 41. Kc5 Nc1 42. Kb6 Nxa2 43. Kxa5 Kg4 44. Kb6 Kxh4 45. Kxb7 Kg5 46. Kc6 1/2-1/2

[Event "Landesliga Nord 0910"]
[Site "Bayern"]
[Date "2009.10.18"]
[Round "1.1"]
[White "Seidens, Udo"]
[Black "Kliche, Alexander"]
[Result "1/2-1/2"]
[WhiteElo "2172"]
[BlackElo "2144"]
[PlyCount "38"]
[EventDate "2009.10.18"]
[EventType "team-tourn"]
[EventRounds "9"]
[EventCountry "GER"]
[SourceTitle "EXT 2011"]
[Source "ChessBase"]
[SourceDate "2010.11.26"]
[SourceVersion "1"]
[SourceVersionDate "2010.11.26"]
[SourceQuality "1"]
[WhiteTeam "Schweinfurt"]
[BlackTeam "Kitzingen"]
[WhiteTeamCountry "GER"]
[BlackTeamCountry "GER"]

1. c4 Nf6 2. g3 g6 3. Bg2 Bg7 4. Nc3 0-0 5. e3 c6 6. Qb3 e5 7. Nge2 d6 8. 0-0 Qc7 9. d4 a5 10. Na4 Nbd7 11. Bd2 b6 12. Rac1 Ba6 13. Rfe1 Rab8 14. d5 cxd5 15. cxd5 Nc5 16. Qa3 Nfd7 17. Nxc5 Nxc5 18. b4 axb4 19. Bxb4 Bxe2 1/2-1/2

[Event "Regionalliga NW 0809"]
[Site "Bayern"]
[Date "2008.11.30"]
[Round "3.1"]
[White "Kliche, Alexander"]
[Black "Braeutigam, Thomas"]
[Result "1-0"]
[WhiteElo "2126"]
[BlackElo "2036"]
[PlyCount "85"]
[EventDate "2008.10.05"]
[EventType "team-tourn"]
[EventRounds "9"]
[EventCountry "GER"]
[SourceTitle "EXT 2020"]
[Source "ChessBase"]
[SourceDate "2019.10.17"]
[SourceVersion "1"]
[SourceVersionDate "2019.10.17"]
[SourceQuality "1"]
[WhiteTeam "Kitzingen"]
[BlackTeam "Wuerzburg II"]
[WhiteTeamCountry "GER"]
[BlackTeamCountry "GER"]

1. e4 c5 2. Nf3 e6 3. Nc3 Nc6 4. Bb5 Nge7 5. 0-0 a6 6. Bxc6 Nxc6 7. d4 cxd4 8. Nxd4 d6 9. Re1 Bd7 10. Nxc6 bxc6 11. b3 Be7 12. Qg4 Bf6 13. e5 dxe5 14. Ne4 0-0 15. Rd1 Kh8 16. Rd3 Be7 17. Qh5 g6 18. Qh6 f6 19. Bb2 Rf7 20. Rad1 Ra7 21. Qd2 Bf8 22. f4 Qb6+ 23. Kh1 Bg7 24. Nd6 Re7 25. Nc4 Qc7 26. Ba3 c5 27. fxe5 fxe5 28. Qe3 e4 29. R3d2 Bd4 30. Rxd4 cxd4 31. Qxd4+ e5 32. Nxe5 Qxe5 33. Qxa7 Rf7 34. Bc5 Kg8 35. Rxd7 Rxd7 36. Qxd7 Qxc5 37. Qe8+ Qf8 38. Qxf8+ Kxf8 39. Kg1 Ke7 40. Kf2 Kd6 41. Ke3 Ke5 42. c4 a5 43. a3 1-0

[Event "Regionalliga NW 0809"]
[Site "Bayern"]
[Date "2008.10.05"]
[Round "1.1"]
[White "Kliche, Alexander"]
[Black "Breithut, Kurt Georg"]
[Result "1/2-1/2"]
[WhiteElo "2126"]
[BlackElo "2126"]
[PlyCount "51"]
[EventDate "2008.10.05"]
[EventType "team-tourn"]
[EventRounds "9"]
[EventCountry "GER"]
[SourceTitle "EXT 2020"]
[Source "ChessBase"]
[SourceDate "2019.10.17"]
[SourceVersion "1"]
[SourceVersionDate "2019.10.17"]
[SourceQuality "1"]
[WhiteTeam "Kitzingen"]
[BlackTeam "Bamberg SC II"]
[WhiteTeamCountry "GER"]
[BlackTeamCountry "GER"]

1. c4 c6 2. e4 d5 3. exd5 cxd5 4. d4 Nf6 5. Nc3 e6 6. Bg5 Be7 7. Nf3 0-0 8. c5 Ne4 9. Bxe7 Qxe7 10. Qc2 Nxc3 11. Qxc3 Nc6 12. Bb5 Bd7 13. 0-0 Ne5 14. Nxe5 Bxb5 15. Rfe1 f6 16. a4 fxe5 17. axb5 Qf6 18. Qe3 e4 19. f3 e5 20. dxe5 Qxe5 21. fxe4 dxe4 22. b4 Rfe8 23. Rad1 Re7 24. Qd4 Qxd4+ 25. Rxd4 e3 26. Rd3 1/2-1/2